Bezpečnosť a ochrana zdravia pri práci - novela zákona

Na pracoviskách je nevyhnutné zabezpečiť taký stav jednotlivých súčastí práce (pracoviska, technologického zariadenia, pracovného prostredia, pracovného postupu), pri ktorom nedôjde k poškodeniu zdravia. Vznik úrazu alebo choroby z povolania predstavujú nielen ľudský, ale aj ekonomický problém pre p...

Ausführliche Beschreibung

Gespeichert in:
Bibliographische Detailangaben
1. Verfasser: Tichý, Miroslav
Format: Buchkapitel
Sprache:Slowakisch
Schlagworte:
Tags: Tag hinzufügen
Keine Tags, Fügen Sie das erste Tag hinzu!

MARC

LEADER 00000naa$a2200000$$$4500
001 0075512
005 20231013072002.0
041 0 |a slo 
044 |a SK 
245 1 0 |a Bezpečnosť a ochrana zdravia pri práci - novela zákona  |c Miroslav Tichý 
520 |a Na pracoviskách je nevyhnutné zabezpečiť taký stav jednotlivých súčastí práce (pracoviska, technologického zariadenia, pracovného prostredia, pracovného postupu), pri ktorom nedôjde k poškodeniu zdravia. Vznik úrazu alebo choroby z povolania predstavujú nielen ľudský, ale aj ekonomický problém pre poškodeného zamestnanca, zamestnávateľa i spoločnosť. Zákon č. 140/2008 Z.z. o bezpečnosti a ochrane zdravia pri práci - novelizácia. Aké zmeny priniesla novela zákona. 
610 2 0 |a bezpečnosť práce 
610 2 0 |a úrazy pracovné 
610 2 0 |a choroby z povolania 
610 2 0 |a ochrana zdravia 
610 2 0 |a zákony 
610 2 0 |a novelizácia 
100 1 |a Tichý, Miroslav